| 000 | 00705nam a2200181 a 4500 | ||
|---|---|---|---|
| 008 | 060725s2005 ||||||||||||||||| || u | ||
| 050 | _aIBRD(08)PRWP/3574 | ||
| 100 | _aGlinskaya, Elena | ||
| 245 | 1 | 0 | _aWage differentials between the public and private sectors in India |
| 260 |
_aWashington, D. C _bWorld Bank _c2005 |
||
| 300 | _a35p.;ill | ||
| 350 | _a0.00 | ||
| 490 | _aWorld Bank policy research working papers | ||
| 650 | _aWAGE DIFFERENTIAL--RESEARCH--INDIA | ||
| 650 | 0 | _aECONOMICS | |
| 700 | _aLokshin, Michael | ||
| 995 |
_D0.00 _FCBU-MAIN LIBRARY (Kitwe) _H1 _I0.00 _M1 _UAVAILABLE _WJul 25, 2006 _ZInternational Publications |
||
| 999 |
_c61414 _d61414 |
||